Normal view MARC view
  • Montoliu, Manuel de,

Entry Nombre Personal

Number of records used in: 2

001 - NUMERO DE CONTROL

  • campo de control: 49022

003 - IDENTIFICADOR DE NUMERO DE CONTROL

  • campo de control: DLC

005 - FECHA Y HORA DE LA ÜLTIMA TRANSACCIÓN

  • campo de control: 20230525110522.0

008 - DATOS DE LONGITUD FIJA

  • campo de control de longitud fija: 801119n| acannaabn |a aaa

010 ## - NÚMERO DE CONTROL DE LA BIBLIOTECA DEL CONGRESO

  • Número de control LC: n 80149542

035 ## - NUMERO DE CONTROL

  • Número de control: (OCoLC)oca00529583

040 ## - FUENTE DE CATALOGACIÓN

  • Agencia original de catalogación: DLC
  • Lenguaje de catalogación: spa
  • Agencia de transcripción: DLC
  • Agencia que lo modifica: DLC
  • Agencia que lo modifica: OCoLC
  • Agencia que lo modifica: MX-MxUPN

100 1# - ENCABEZAMIENTO - NOMBRE PERSONAL

  • Nombre personal: Montoliu, Manuel de,
  • Fechas asociadas con el nombre: 1877-1961

400 1# - VEÁSE - NOMBRE DE PERSONA

  • Personal name: De Montoliu y de Togores, Manuel,
  • Dates associated with a name: 1877-1961

400 1# - VEÁSE - NOMBRE DE PERSONA

  • Control subfield: nna
  • Personal name: Montoliu y de Togores, Manuel de,
  • Dates associated with a name: 1877-1961

670 ## - FUENTE EN LA QUE SE LOCALIZARON DATOS

  • Cita de la fuente: Nepos, C. Vides d'homes illustres ... 1923.

670 ## - FUENTE EN LA QUE SE LOCALIZARON DATOS

  • Cita de la fuente: Aguiló y Fuster, M. Diccionari Aguiló, 1989:
  • Información localizada: v. 1-2, t.p. (Manuel de Montoliu)

670 ## - FUENTE EN LA QUE SE LOCALIZARON DATOS

  • Cita de la fuente: Gramática de la lengua castellana : segundo grado, 1928:
  • Información localizada: portada (Manuel de Montoliu)

902 ## - CATALOGADOR

  • Catalogador: Víctor Ruiz/250523